| 000 | 00815nas a2200253Ia 4500 | ||
|---|---|---|---|
| 001 | R059/99613 | ||
| 003 | IT-RoPAU | ||
| 008 | 151124c99999999xx |||||||||||| ||und|| | ||
| 040 | _aIT-RoPAU | ||
| 040 | _cIT-RoPAU | ||
| 041 | _aITALIANO | ||
| 100 |
_aCompagnucci Aldo _gCodice Aut. SPICS: 22211 |
||
| 210 | _aQUADERNI DI "IL NOSTRO CINEMA" | ||
| 222 | _aQuaderni Di "Il Nostro Cinema" | ||
| 245 |
_aQUADERNI DI "NOSTRO CINEMA", N.18 (1988) _bLivelli di Lettura Del Film |
||
| 250 | _a1a ed. | ||
| 260 |
_aROMA _bACEC _c1988 |
||
| 501 |
_bPaulus - SPICS - Società San Paolo EM (non-commercial uses only) _cCopyright2015 |
||
| 300 | _a6 p. [16-21] | ||
| 362 | _aN.18 (1988) | ||
| 500 | _aModello di Lettura del Film. Metodologia di Lettura. | ||
| 650 |
_aCINEMA _vPUBBLICAZIONE PERIODICA |
||
| 942 | _cCR | ||
| 999 |
_c196683 _d196683 |
||